[Event "DVM U14 2017"]
[Site "Verden/Aller GER"]
[Date "2017.12.28"]
[Round "3"]
[White "Suvorov, Luca"]
[Black "Dietz, Florian"]
[Result "1-0"]
[Termination "normal"]
[Board "1.2"]
[WhiteElo "2079"]
[BlackElo "1997"]
[WhiteClock "00:02:11"]
[BlackClock "00:18:27"]
[WhiteTeam "SG Porz"]
[BlackTeam "Reideburger SV 90 Halle"]
[PlyCount "115"]
[WhiteFideId "12977071"]
[BlackFideId "12939897"]
[EventCountry "GER"]
[EventRounds "7"]
[EventType "team-swiss"]
[EventDate "2017.12.26"]

1. d4 {[%clk 1:30:58]} Nf6 {[%clk 1:30:52]} 2. c4 {[%clk 1:31:22]} e6 {[%clk
1:30:59]} 3. Nf3 {[%clk 1:31:18]} b6 {[%clk 1:31:16]} 4. a3 {[%clk 1:30:37]}
Bb7 {[%clk 1:30:51]} 5. Nc3 {[%clk 1:29:55]} d5 {[%clk 1:30:46]} 6. cxd5 {[%clk
1:28:48]} Nxd5 {[%clk 1:31:08]} 7. Qc2 {[%clk 1:29:14]} Nxc3 {[%clk 1:31:09]}
8. bxc3 {[%clk 1:29:38]} Be7 {[%clk 1:29:18]} 9. e4 {[%clk 1:29:18]} Nd7 {[%clk
1:29:16]} 10. Bd3 {[%clk 1:28:07]} O-O {[%clk 1:29:28]} 11. e5 {[%clk 1:04:02]}
h6 {[%clk 1:27:03]} 12. Qe2 {[%clk 1:04:09]} c5 {[%clk 1:13:36]} 13. O-O {[%clk
1:02:27]} Qc7 {[%clk 1:11:46]} 14. Be3 {[%clk 0:59:34]} Rfd8 {[%clk 1:09:37]}
15. Rfd1 {[%clk 0:53:15]} Rac8 {[%clk 1:07:37]} 16. Nd2 {[%clk 0:31:27]} Qb8
{[%clk 0:53:58]} 17. Ne4 {[%clk 0:19:02]} Qa8 {[%clk 0:43:30]} 18. Qg4 {[%clk
0:16:42]} Kf8 {[%clk 0:25:56]} 19. f3 {[%clk 0:13:31]} cxd4 {[%clk 0:17:16]}
20. cxd4 {[%clk 0:12:46]} Qb8 {[%clk 0:16:21]} 21. Ng3 {[%clk 0:03:22]} Rc3
{[%clk 0:14:53]} 22. Nh5 {[%clk 0:02:42]} g5 {[%clk 0:15:03]} 23. f4 {[%clk
0:01:43]} Qc7 {[%clk 0:10:47]} 24. Bf2 {[%clk 0:01:15]} Nc5 25. dxc5 {[%clk
0:01:02]} Rdxd3 {[%clk 0:06:32]} 26. Rxd3 {[%clk 0:01:28]} Rxd3 {[%clk
0:06:59]} 27. cxb6 {[%clk 0:01:02]} axb6 {[%clk 0:07:23]} 28. a4 {[%clk
0:00:49]} Qc2 {[%clk 0:06:47]} 29. fxg5 {[%clk 0:00:40]} hxg5 {[%clk 0:06:59]}
30. Rf1 {[%clk 0:00:50]} Rd2 {[%clk 0:06:58]} 31. Nf6 {[%clk 0:00:58]} Bc5
{[%clk 0:05:37]} 32. Qxg5 {[%clk 0:01:16]} Bxf2+ {[%clk 0:04:14]} 33. Rxf2
{[%clk 0:00:43]} Qc1+ {[%clk 0:04:33]} 34. Rf1 {[%clk 0:00:58]} Qc5+ {[%clk
0:04:58]} 35. Kh1 {[%clk 0:01:10]} Bxg2+ {[%clk 0:05:20]} 36. Qxg2 {[%clk
0:01:38]} Rxg2 {[%clk 0:05:45]} 37. Nd7+ {[%clk 0:02:06]} Ke7 {[%clk 0:06:05]}
38. Nxc5 {[%clk 0:02:34]} Ra2 {[%clk 0:06:19]} 39. Ne4 {[%clk 0:01:37]} Rxa4
{[%clk 0:06:37]} 40. Nd6 {[%clk 0:01:55]} Kd7 {[%clk 0:05:02]} 41. Rxf7+ {[%clk
0:01:08]} Kc6 {[%clk 0:05:25]} 42. Rf2 {[%clk 0:14:36]} Rg4 {[%clk 0:31:39]}
43. Nf7 {[%clk 0:09:53]} b5 {[%clk 0:30:04]} 44. h3 {[%clk 0:06:40]} Rg7 {[%clk
0:30:02]} 45. Kh2 {[%clk 0:05:59]} b4 {[%clk 0:29:26]} 46. h4 {[%clk 0:06:18]}
b3 {[%clk 0:28:57]} 47. Ng5 {[%clk 0:06:28]} Kd5 {[%clk 0:29:06]} 48. Rb2
{[%clk 0:03:37]} Kxe5 {[%clk 0:25:34]} 49. Rxb3 {[%clk 0:04:01]} Kf5 {[%clk
0:24:30]} 50. Kg3 {[%clk 0:02:24]} Re7 {[%clk 0:21:44]} 51. Rf3+ {[%clk
0:02:22]} Kg6 {[%clk 0:22:04]} 52. Kg4 {[%clk 0:02:51]} e5 {[%clk 0:20:18]} 53.
Ra3 {[%clk 0:02:29]} Kg7 {[%clk 0:18:59]} 54. Ra6 {[%clk 0:01:54]} Rb7 {[%clk
0:17:50]} 55. Re6 {[%clk 0:02:08]} Rb4+ {[%clk 0:17:51]} 56. Kh5 {[%clk
0:02:30]} Rb5 {[%clk 0:18:06]} 57. Nf3 {[%clk 0:02:11]} e4+ {[%clk 0:18:27]}
58. Ng5 1-0

[Event "DVM U14 2017"]
[Site "Verden/Aller GER"]
[Date "2017.12.28"]
[Round "3"]
[White "Henning, Marvin"]
[Black "Zyla, Lennert"]
[Result "0-1"]
[Termination "normal"]
[Board "1.3"]
[WhiteElo "2004"]
[BlackElo "1809"]
[WhiteClock "00:32:28"]
[BlackClock "00:23:15"]
[WhiteTeam "Reideburger SV 90 Halle"]
[BlackTeam "SG Porz"]
[PlyCount "90"]
[WhiteFideId "12957399"]
[BlackFideId "12981567"]
[EventCountry "GER"]
[EventRounds "7"]
[EventType "team-swiss"]
[EventDate "2017.12.26"]

1. e4 {[%clk 1:30:56]} c5 {[%clk 1:30:44]} 2. Nc3 {[%clk 1:31:07]} e6 {[%clk
1:30:53]} 3. f4 {[%clk 1:31:02]} Nc6 {[%clk 1:28:34]} 4. Nf3 d5 {[%clk
1:27:26]} 5. Bb5 {[%clk 1:27:30]} Nge7 {[%clk 1:22:17]} 6. O-O {[%clk 1:24:47]}
dxe4 {[%clk 1:14:00]} 7. Nxe4 {[%clk 1:25:04]} a6 {[%clk 1:10:58]} 8. Bd3
{[%clk 1:10:56]} Nf5 {[%clk 0:58:07]} 9. b3 {[%clk 1:01:26]} Be7 {[%clk
0:51:35]} 10. Bb2 {[%clk 0:59:39]} O-O {[%clk 0:48:02]} 11. Ne5 {[%clk
0:45:34]} Nb4 {[%clk 0:38:33]} 12. a3 {[%clk 0:39:34]} Nxd3 {[%clk 0:34:40]}
13. Nxd3 {[%clk 0:39:52]} b6 {[%clk 0:32:49]} 14. Qg4 {[%clk 0:37:11]} Nd4
{[%clk 0:28:20]} 15. Ng3 {[%clk 0:34:28]} f5 {[%clk 0:25:23]} 16. Qd1 {[%clk
0:34:02]} Bb7 {[%clk 0:20:10]} 17. Ne5 {[%clk 0:31:47]} Bf6 {[%clk 0:18:50]}
18. c3 {[%clk 0:30:37]} Bxe5 {[%clk 0:18:34]} 19. fxe5 {[%clk 0:30:53]} Qd5
{[%clk 0:18:53]} 20. Rf2 {[%clk 0:29:53]} Nxb3 {[%clk 0:19:00]} 21. Rb1 {[%clk
0:29:33]} c4 {[%clk 0:18:55]} 22. Qe1 {[%clk 0:27:40]} Rad8 {[%clk 0:15:30]}
23. Rd1 {[%clk 0:26:44]} Nc5 {[%clk 0:15:32]} 24. d3 {[%clk 0:19:09]} Nxd3
{[%clk 0:15:16]} 25. Qf1 {[%clk 0:19:09]} Qc5 {[%clk 0:15:29]} 26. Rdd2 {[%clk
0:17:24]} Nxf2 {[%clk 0:14:36]} 27. Rxf2 {[%clk 0:17:45]} Rd2 {[%clk 0:14:55]}
28. Bc1 {[%clk 0:17:56]} Rxf2 {[%clk 0:14:57]} 29. Qxf2 {[%clk 0:18:24]} Qxe5
{[%clk 0:14:10]} 30. Ne2 {[%clk 0:17:51]} Qe4 {[%clk 0:13:10]} 31. Ng3 {[%clk
0:16:17]} Qc6 {[%clk 0:12:20]} 32. Bf4 {[%clk 0:14:49]} Rd8 {[%clk 0:10:24]}
33. h4 {[%clk 0:13:40]} Rd3 {[%clk 0:07:37]} 34. Be5 {[%clk 0:08:24]} Qd5
{[%clk 0:06:59]} 35. Bd4 {[%clk 0:07:56]} Rd1+ {[%clk 0:03:45]} 36. Kh2 {[%clk
0:08:08]} Rxd4 {[%clk 0:02:27]} 37. cxd4 {[%clk 0:08:21]} b5 {[%clk 0:02:11]}
38. Ne2 {[%clk 0:08:12]} a5 {[%clk 0:01:41]} 39. Qg3 {[%clk 0:08:22]} b4 {[%clk
0:01:18]} 40. Qb8+ {[%clk 0:08:05]} Kf7 {[%clk 0:01:28]} 41. Nf4 {[%clk
0:08:07]} Qc6 {[%clk 0:30:46]} 42. axb4 {[%clk 0:36:45]} axb4 {[%clk 0:28:26]}
43. Qe5 {[%clk 0:35:16]} Qe4 {[%clk 0:23:21]} 44. Qc7+ {[%clk 0:35:37]} Ke8
{[%clk 0:23:15]} 45. g3 {[%clk 0:32:28]} Qh1# 0-1

[Event "DVM U14 2017"]
[Site "Verden/Aller GER"]
[Date "2017.12.28"]
[Round "3"]
[White "Gallasch, Robin"]
[Black "Hundrieser, Malte"]
[Result "1/2-1/2"]
[Termination "normal"]
[Board "1.4"]
[WhiteElo "1682"]
[BlackElo "2005"]
[WhiteClock "00:05:21"]
[BlackClock "00:02:53"]
[WhiteTeam "SG Porz"]
[BlackTeam "Reideburger SV 90 Halle"]
[PlyCount "133"]
[WhiteFideId "16222423"]
[BlackFideId "12997153"]
[EventCountry "GER"]
[EventRounds "7"]
[EventType "team-swiss"]
[EventDate "2017.12.26"]

1. d4 {[%clk 1:30:57]} Nf6 {[%clk 1:30:50]} 2. c4 {[%clk 1:31:25]} e6 {[%clk
1:31:05]} 3. Nf3 {[%clk 1:31:49]} b6 {[%clk 1:31:20]} 4. g3 {[%clk 1:32:14]}
Ba6 {[%clk 1:31:19]} 5. Qc2 {[%clk 1:30:22]} Be7 {[%clk 1:28:36]} 6. Bg2 {[%clk
1:30:47]} d5 {[%clk 1:28:17]} 7. Nbd2 {[%clk 1:30:35]} O-O {[%clk 1:28:08]} 8.
O-O {[%clk 1:29:59]} Bb7 {[%clk 1:27:40]} 9. Ne5 {[%clk 1:06:52]} c5 {[%clk
1:20:27]} 10. cxd5 {[%clk 1:04:15]} exd5 {[%clk 1:20:35]} 11. dxc5 {[%clk
0:55:39]} bxc5 {[%clk 1:20:44]} 12. Nb3 {[%clk 0:55:43]} Re8 {[%clk 1:17:41]}
13. Rd1 {[%clk 0:51:32]} Bd6 {[%clk 1:15:29]} 14. Nf3 {[%clk 0:51:22]} Qb6
{[%clk 1:13:42]} 15. Bf4 {[%clk 0:45:42]} Bxf4 {[%clk 1:10:54]} 16. gxf4 {[%clk
0:46:00]} Nbd7 {[%clk 1:08:39]} 17. e3 {[%clk 0:42:18]} Rac8 {[%clk 1:08:02]}
18. Rac1 {[%clk 0:39:18]} a5 {[%clk 1:06:42]} 19. Nbd2 {[%clk 0:33:36]} Qa6
{[%clk 0:55:27]} 20. Qc3 {[%clk 0:28:27]} d4 {[%clk 0:50:10]} 21. exd4 {[%clk
0:17:51]} Nd5 {[%clk 0:50:32]} 22. Qc4 {[%clk 0:18:15]} Nxf4 {[%clk 0:50:35]}
23. Qxa6 {[%clk 0:18:38]} Bxa6 {[%clk 0:50:59]} 24. Bf1 {[%clk 0:18:52]} Bxf1
{[%clk 0:48:44]} 25. Kxf1 {[%clk 0:19:19]} Nd3 {[%clk 0:39:10]} 26. Rc2 {[%clk
0:16:39]} cxd4 {[%clk 0:37:31]} 27. Rxc8 {[%clk 0:16:39]} Rxc8 {[%clk 0:37:53]}
28. Nb3 {[%clk 0:16:48]} Nxb2 {[%clk 0:35:00]} 29. Rxd4 {[%clk 0:17:14]} Nf6
{[%clk 0:34:10]} 30. Nxa5 {[%clk 0:15:58]} g6 {[%clk 0:33:30]} 31. Rd2 {[%clk
0:14:02]} Na4 {[%clk 0:32:24]} 32. Nb3 {[%clk 0:13:00]} Ra8 {[%clk 0:31:28]}
33. Rc2 {[%clk 0:12:12]} Nd5 {[%clk 0:28:49]} 34. Nfd4 {[%clk 0:08:31]} Nac3
{[%clk 0:27:58]} 35. Nc1 {[%clk 0:08:31]} Ra4 {[%clk 0:26:12]} 36. Nde2 {[%clk
0:06:44]} Ne4 {[%clk 0:24:40]} 37. Ng3 {[%clk 0:06:18]} Nef6 {[%clk 0:24:07]}
38. Rb2 {[%clk 0:03:17]} Nf4 {[%clk 0:21:28]} 39. Nce2 {[%clk 0:02:09]} Nd3
{[%clk 0:20:35]} 40. Rd2 {[%clk 0:01:27]} Ne5 {[%clk 0:20:40]} 41. Kg2 {[%clk
0:29:38]} h5 {[%clk 0:46:45]} 42. h3 {[%clk 0:21:56]} Kg7 {[%clk 0:45:19]} 43.
Nc3 {[%clk 0:18:52]} Ra3 {[%clk 0:34:50]} 44. Nce2 {[%clk 0:16:59]} Nf3 {[%clk
0:32:24]} 45. Rb2 {[%clk 0:16:54]} h4 {[%clk 0:28:29]} 46. Rb3 {[%clk 0:07:30]}
Rxb3 {[%clk 0:23:30]} 47. axb3 {[%clk 0:07:55]} Nd2 {[%clk 0:22:39]} 48. Nf1
{[%clk 0:08:05]} Nxb3 {[%clk 0:22:59]} 49. Ne3 {[%clk 0:07:56]} Nh5 {[%clk
0:15:04]} 50. Nd5 {[%clk 0:05:11]} f5 {[%clk 0:14:24]} 51. Nef4 {[%clk
0:03:47]} Nxf4+ {[%clk 0:14:02]} 52. Nxf4 {[%clk 0:04:14]} Nd4 {[%clk 0:13:32]}
53. Nd3 {[%clk 0:03:53]} Kf6 {[%clk 0:13:35]} 54. f4 {[%clk 0:02:57]} Ke6
{[%clk 0:10:57]} 55. Kf2 {[%clk 0:02:25]} Kd5 {[%clk 0:10:26]} 56. Ke3 {[%clk
0:02:29]} Nc2+ {[%clk 0:10:29]} 57. Kd2 {[%clk 0:02:24]} Na3 {[%clk 0:10:54]}
58. Ne1 {[%clk 0:02:06]} Ke4 {[%clk 0:04:13]} 59. Ng2 {[%clk 0:02:30]} Nb5
{[%clk 0:03:51]} 60. Nxh4 {[%clk 0:02:46]} Kxf4 {[%clk 0:04:03]} 61. Nxg6+
{[%clk 0:03:06]} Kg5 {[%clk 0:03:57]} 62. Ne5 {[%clk 0:03:27]} Kh4 {[%clk
0:02:39]} 63. Ke3 {[%clk 0:03:47]} Kxh3 {[%clk 0:02:03]} 64. Kf4 {[%clk
0:04:10]} Nd6 {[%clk 0:02:23]} 65. Ng6 {[%clk 0:04:30]} Kg2 {[%clk 0:02:31]}
66. Nh4+ {[%clk 0:04:54]} Kf2 {[%clk 0:02:53]} 67. Nxf5 {[%clk 0:05:21]}
1/2-1/2

[Event "DVM U14 2017"]
[Site "Verden/Aller GER"]
[Date "2017.12.28"]
[Round "3"]
[White "Krastev, Alexander"]
[Black "Burian, Simon"]
[Result "1-0"]
[Termination "normal"]
[Board "2.1"]
[WhiteElo "2004"]
[BlackElo "1963"]
[WhiteClock "00:30:21"]
[BlackClock "00:27:20"]
[WhiteTeam "Biebertaler SF"]
[BlackTeam "SK König Plauen"]
[PlyCount "83"]
[WhiteFideId "12989983"]
[BlackFideId "12956902"]
[EventCountry "GER"]
[EventRounds "7"]
[EventType "team-swiss"]
[EventDate "2017.12.26"]

1. e4 {[%clk 1:30:58]} c5 {[%clk 1:30:54]} 2. Nc3 {[%clk 1:31:24]} a6 {[%clk
1:31:06]} 3. Nf3 {[%clk 1:31:50]} d6 {[%clk 1:30:42]} 4. d4 {[%clk 1:32:17]}
cxd4 {[%clk 1:30:58]} 5. Nxd4 {[%clk 1:32:42]} Nf6 {[%clk 1:30:47]} 6. g3
{[%clk 1:33:09]} e5 {[%clk 1:29:18]} 7. Nde2 {[%clk 1:33:34]} Nbd7 {[%clk
1:28:43]} 8. a4 {[%clk 1:33:45]} Be7 {[%clk 1:26:56]} 9. Bg2 {[%clk 1:32:48]}
O-O {[%clk 1:23:44]} 10. O-O {[%clk 1:33:04]} Qc7 {[%clk 1:21:08]} 11. h3
{[%clk 1:29:43]} Nb6 {[%clk 1:16:48]} 12. g4 {[%clk 1:14:51]} h6 {[%clk
1:13:47]} 13. b3 {[%clk 1:11:49]} Be6 {[%clk 1:10:58]} 14. a5 {[%clk 1:11:35]}
Nbd7 {[%clk 1:11:05]} 15. Nd5 {[%clk 1:11:37]} Bxd5 {[%clk 1:11:26]} 16. exd5
{[%clk 1:12:03]} Rac8 {[%clk 1:06:43]} 17. c4 {[%clk 1:11:42]} Rfe8 {[%clk
1:02:55]} 18. Ng3 {[%clk 1:10:40]} Bf8 {[%clk 0:59:01]} 19. h4 {[%clk 1:06:04]}
g6 {[%clk 0:53:39]} 20. Be3 {[%clk 0:59:31]} Bg7 {[%clk 0:51:03]} 21. g5 {[%clk
0:59:14]} hxg5 {[%clk 0:51:20]} 22. hxg5 {[%clk 0:59:40]} Nh7 {[%clk 0:51:41]}
23. Be4 {[%clk 0:59:09]} Nc5 {[%clk 0:47:02]} 24. Kg2 {[%clk 0:54:19]} Qe7
{[%clk 0:45:37]} 25. Bf5 {[%clk 0:12:23]} Nxb3 {[%clk 0:34:40]} 26. Qxb3 {[%clk
0:07:58]} gxf5 {[%clk 0:34:49]} 27. Nxf5 {[%clk 0:08:22]} Qd8 {[%clk 0:34:54]}
28. Rh1 {[%clk 0:05:23]} Nxg5 {[%clk 0:34:03]} 29. Rh5 {[%clk 0:05:14]} f6
{[%clk 0:30:07]} 30. Nxg7 {[%clk 0:01:01]} Kxg7 {[%clk 0:30:24]} 31. Bxg5
{[%clk 0:01:26]} fxg5 32. Rah1 {[%clk 0:01:53]} Qf6 {[%clk 0:25:14]} 33. Qxb7+
{[%clk 0:02:20]} Kg8 {[%clk 0:25:38]} 34. Qh7+ {[%clk 0:01:24]} Kf8 {[%clk
0:26:03]} 35. Qd7 {[%clk 0:01:40]} Kg8 {[%clk 0:26:18]} 36. Rh6 {[%clk
0:01:29]} Qg7 {[%clk 0:26:05]} 37. Qxd6 {[%clk 0:01:19]} Rcd8 {[%clk 0:25:55]}
38. Qxa6 {[%clk 0:01:29]} Ra8 {[%clk 0:26:19]} 39. Qb6 {[%clk 0:01:05]} Rab8
{[%clk 0:26:44]} 40. Qc6 {[%clk 0:01:25]} Rbc8 {[%clk 0:27:01]} 41. Qd6 {[%clk
0:00:49]} Rcd8 {[%clk 0:27:20]} 42. Qg6 {[%clk 0:30:21]} 1-0

[Event "DVM U14 2017"]
[Site "Verden/Aller GER"]
[Date "2017.12.28"]
[Round "3"]
[White "Hörkner, Nico"]
[Black "Engert, Kiyan"]
[Result "1-0"]
[Termination "normal"]
[Board "2.2"]
[WhiteElo "1605"]
[BlackElo "1560"]
[WhiteClock "00:09:42"]
[BlackClock "00:25:21"]
[WhiteTeam "SK König Plauen"]
[BlackTeam "Biebertaler SF"]
[PlyCount "129"]
[WhiteFideId "12974900"]
[BlackFideId "16214870"]
[EventCountry "GER"]
[EventRounds "7"]
[EventType "team-swiss"]
[EventDate "2017.12.26"]

1. d4 {[%clk 1:30:54]} Nf6 {[%clk 1:29:48]} 2. Nf3 {[%clk 1:30:57]} e6 {[%clk
1:28:50]} 3. g3 {[%clk 1:30:18]} d5 {[%clk 1:24:10]} 4. Bg2 {[%clk 1:30:08]} c5
{[%clk 1:24:00]} 5. e3 {[%clk 1:27:19]} Nc6 {[%clk 1:23:52]} 6. O-O {[%clk
1:26:11]} Be7 {[%clk 1:23:01]} 7. c4 {[%clk 1:24:49]} cxd4 {[%clk 1:18:16]} 8.
exd4 {[%clk 1:23:28]} dxc4 {[%clk 1:18:02]} 9. Qa4 {[%clk 1:20:35]} O-O {[%clk
1:16:20]} 10. Qxc4 {[%clk 1:16:20]} Bd7 {[%clk 1:13:42]} 11. Nc3 {[%clk
1:13:23]} Rc8 {[%clk 1:11:06]} 12. Qe2 {[%clk 1:06:34]} Nb4 {[%clk 1:04:11]}
13. Be3 {[%clk 0:57:12]} Nbd5 {[%clk 1:03:16]} 14. Rac1 {[%clk 0:56:19]} Qb6
{[%clk 1:00:58]} 15. Ne5 {[%clk 0:48:05]} Nxe3 {[%clk 0:36:08]} 16. fxe3 {[%clk
0:47:23]} Rc7 {[%clk 0:33:36]} 17. Rc2 {[%clk 0:28:02]} Rfc8 {[%clk 0:30:19]}
18. Rfc1 {[%clk 0:23:45]} Bb4 {[%clk 0:24:00]} 19. h3 {[%clk 0:17:18]} Qa5
{[%clk 0:15:52]} 20. Ne4 {[%clk 0:13:56]} Nxe4 {[%clk 0:12:47]} 21. Bxe4 {[%clk
0:13:59]} Bb5 {[%clk 0:08:59]} 22. Qf2 {[%clk 0:11:45]} f6 {[%clk 0:07:19]} 23.
Nd3 {[%clk 0:10:16]} Bd6 {[%clk 0:06:20]} 24. Nf4 {[%clk 0:06:52]} e5 {[%clk
0:05:40]} 25. Bd5+ {[%clk 0:05:00]} Kh8 {[%clk 0:05:38]} 26. Ne6 {[%clk
0:05:04]} Rxc2 {[%clk 0:04:55]} 27. Rxc2 {[%clk 0:05:30]} Rxc2 {[%clk 0:05:08]}
28. Qxc2 {[%clk 0:05:56]} Qe1+ {[%clk 0:05:00]} 29. Kh2 {[%clk 0:06:08]} Bc6
{[%clk 0:03:08]} 30. Bxc6 {[%clk 0:04:38]} bxc6 {[%clk 0:03:16]} 31. Qxc6
{[%clk 0:04:08]} Qf2+ {[%clk 0:03:34]} 32. Qg2 {[%clk 0:04:15]} Qxg2+ {[%clk
0:01:47]} 33. Kxg2 {[%clk 0:04:38]} Kg8 {[%clk 0:01:57]} 34. Kf3 {[%clk
0:04:38]} Kf7 {[%clk 0:01:48]} 35. Nd8+ {[%clk 0:04:57]} Ke8 {[%clk 0:01:53]}
36. Nc6 {[%clk 0:05:21]} exd4 {[%clk 0:01:45]} 37. exd4 {[%clk 0:03:33]} a6
{[%clk 0:02:00]} 38. g4 {[%clk 0:02:30]} Kd7 {[%clk 0:02:07]} 39. d5 {[%clk
0:02:36]} Kc7 {[%clk 0:01:05]} 40. Ke4 {[%clk 0:02:28]} g6 {[%clk 0:00:44]} 41.
Kd4 {[%clk 0:01:48]} Kd7 {[%clk 0:30:00]} 42. a4 {[%clk 0:32:06]} Kc7 {[%clk
0:28:16]} 43. Kc4 {[%clk 0:30:23]} f5 {[%clk 0:25:50]} 44. gxf5 {[%clk
0:29:06]} gxf5 {[%clk 0:26:12]} 45. Nd4 {[%clk 0:29:11]} f4 {[%clk 0:26:26]}
46. a5 {[%clk 0:27:02]} Be5 {[%clk 0:26:07]} 47. b3 {[%clk 0:12:07]} Kd6 {[%clk
0:25:27]} 48. Nf5+ {[%clk 0:10:08]} Kc7 {[%clk 0:24:43]} 49. Kd3 {[%clk
0:08:11]} Kd7 {[%clk 0:24:20]} 50. Kc4 {[%clk 0:06:21]} h5 {[%clk 0:24:10]} 51.
Kd3 {[%clk 0:06:28]} Bc7 {[%clk 0:22:31]} 52. Ng7 {[%clk 0:05:23]} Kd6 {[%clk
0:21:53]} 53. Ne8+ {[%clk 0:05:24]} Kd7 {[%clk 0:22:18]} 54. Nxc7 {[%clk
0:05:49]} Kxc7 {[%clk 0:22:38]} 55. Ke4 {[%clk 0:06:16]} Kd6 {[%clk 0:22:54]}
56. Kxf4 {[%clk 0:06:42]} Kxd5 {[%clk 0:23:15]} 57. Kg5 {[%clk 0:07:07]} Kc5
{[%clk 0:23:16]} 58. Kxh5 {[%clk 0:07:25]} Kb4 {[%clk 0:23:38]} 59. Kg5 {[%clk
0:07:43]} Kxa5 {[%clk 0:24:01]} 60. h4 {[%clk 0:08:07]} Kb4 {[%clk 0:24:13]}
61. h5 {[%clk 0:08:14]} Kxb3 {[%clk 0:24:33]} 62. h6 {[%clk 0:08:41]} a5 {[%clk
0:24:37]} 63. h7 {[%clk 0:09:06]} a4 {[%clk 0:25:02]} 64. h8=Q {[%clk 0:09:32]}
a3 {[%clk 0:25:21]} 65. Qa1 {[%clk 0:09:42]} 1-0

[Event "DVM U14 2017"]
[Site "Verden/Aller GER"]
[Date "2017.12.28"]
[Round "3"]
[White "Grunwald, Jonathan"]
[Black "Elstner, Florian"]
[Result "1/2-1/2"]
[Termination "normal"]
[Board "2.3"]
[WhiteElo "1678"]
[BlackElo "1242"]
[WhiteClock "00:06:44"]
[BlackClock "00:33:34"]
[WhiteTeam "Biebertaler SF"]
[BlackTeam "SK König Plauen"]
[PlyCount "136"]
[WhiteFideId "12955744"]
[BlackFideId "16247264"]
[EventCountry "GER"]
[EventRounds "7"]
[EventType "team-swiss"]
[EventDate "2017.12.26"]

1. e4 {[%clk 1:30:56]} c5 {[%clk 1:30:50]} 2. Nc3 {[%clk 1:31:09]} Nc6 {[%clk
1:30:39]} 3. f4 {[%clk 1:31:16]} d6 {[%clk 1:30:03]} 4. Nf3 {[%clk 1:31:14]}
Nf6 {[%clk 1:28:53]} 5. Bc4 {[%clk 1:29:12]} e6 {[%clk 1:27:49]} 6. O-O {[%clk
1:27:19]} Be7 {[%clk 1:27:02]} 7. d3 {[%clk 1:26:37]} O-O {[%clk 1:24:53]} 8.
Qe1 {[%clk 1:25:17]} Re8 {[%clk 1:18:25]} 9. Qg3 {[%clk 1:15:12]} d5 {[%clk
1:10:56]} 10. Bb5 {[%clk 1:03:18]} a6 {[%clk 0:57:52]} 11. Bxc6 {[%clk
1:01:04]} bxc6 {[%clk 0:57:29]} 12. e5 {[%clk 0:44:09]} Nd7 {[%clk 0:49:07]}
13. f5 {[%clk 0:28:47]} exf5 {[%clk 0:42:31]} 14. Bh6 {[%clk 0:24:32]} Bf8
{[%clk 0:37:50]} 15. Nh4 {[%clk 0:21:50]} Nb6 {[%clk 0:34:30]} 16. Nxf5 {[%clk
0:19:39]} Bxf5 {[%clk 0:33:00]} 17. Rxf5 {[%clk 0:20:05]} g6 {[%clk 0:31:42]}
18. Bxf8 {[%clk 0:16:59]} Rxf8 {[%clk 0:31:12]} 19. Raf1 {[%clk 0:16:58]} Ra7
{[%clk 0:31:08]} 20. e6 {[%clk 0:12:42]} Rb7 {[%clk 0:30:01]} 21. exf7+ {[%clk
0:11:36]} Rbxf7 {[%clk 0:29:52]} 22. Rxf7 {[%clk 0:12:02]} Rxf7 {[%clk
0:29:56]} 23. Rxf7 {[%clk 0:12:29]} Kxf7 {[%clk 0:30:16]} 24. Qf2+ {[%clk
0:12:40]} Kg7 {[%clk 0:29:18]} 25. Qxc5 {[%clk 0:13:06]} Qe8 {[%clk 0:28:23]}
26. Kf2 {[%clk 0:12:18]} Qf7+ {[%clk 0:27:49]} 27. Ke2 {[%clk 0:12:39]} Qe6+
{[%clk 0:26:32]} 28. Kd2 {[%clk 0:12:08]} Nd7 {[%clk 0:25:40]} 29. Qe3 {[%clk
0:11:40]} Qd6 {[%clk 0:24:48]} 30. h3 {[%clk 0:11:29]} d4 {[%clk 0:24:23]} 31.
Qf3 {[%clk 0:10:20]} dxc3+ {[%clk 0:23:45]} 32. Kxc3 {[%clk 0:10:38]} Qc5+
{[%clk 0:23:00]} 33. Kd2 {[%clk 0:10:54]} Qg5+ {[%clk 0:23:03]} 34. Kd1 {[%clk
0:11:01]} Ne5 {[%clk 0:22:25]} 35. Qe4 {[%clk 0:10:56]} Qf5 {[%clk 0:21:50]}
36. Qe2 {[%clk 0:10:54]} Qf4 {[%clk 0:19:56]} 37. Qe1 {[%clk 0:10:14]} Qd4
{[%clk 0:19:47]} 38. Kc1 {[%clk 0:09:34]} c5 {[%clk 0:19:15]} 39. Qe2 {[%clk
0:09:15]} Qf4+ {[%clk 0:17:15]} 40. Kd1 {[%clk 0:09:32]} c4 {[%clk 0:16:00]}
41. dxc4 {[%clk 0:08:20]} Nxc4 {[%clk 0:16:09]} 42. c3 {[%clk 0:08:01]} Ne3+
{[%clk 0:13:44]} 43. Ke1 {[%clk 0:08:14]} Nd5 {[%clk 0:13:54]} 44. Qxa6 {[%clk
0:06:59]} Qg3+ {[%clk 0:13:35]} 45. Kd1 {[%clk 0:06:50]} Ne3+ {[%clk 0:13:06]}
46. Ke2 {[%clk 0:05:41]} Nf5 {[%clk 0:12:31]} 47. Qb7+ {[%clk 0:04:34]} Kh6
{[%clk 0:12:20]} 48. Qf3 {[%clk 0:03:30]} Qe5+ {[%clk 0:10:31]} 49. Kd2 {[%clk
0:02:23]} Qd6+ {[%clk 0:09:38]} 50. Qd3 {[%clk 0:01:46]} Qf4+ {[%clk 0:09:32]}
51. Ke2 {[%clk 0:30:03]} Qe5+ {[%clk 0:40:20]} 52. Kd1 {[%clk 0:29:21]} Qa5
{[%clk 0:38:57]} 53. a3 {[%clk 0:27:52]} Qb6 {[%clk 0:37:53]} 54. b4 {[%clk
0:24:24]} Qg1+ {[%clk 0:37:56]} 55. Kc2 {[%clk 0:24:39]} Qxg2+ {[%clk 0:38:10]}
56. Qd2+ {[%clk 0:24:56]} Qxd2+ {[%clk 0:37:41]} 57. Kxd2 {[%clk 0:25:44]} Kg5
{[%clk 0:37:57]} 58. a4 {[%clk 0:25:39]} Nd6 {[%clk 0:37:53]} 59. a5 {[%clk
0:17:03]} Kf5 {[%clk 0:37:56]} 60. a6 {[%clk 0:14:16]} Nc8 {[%clk 0:38:01]} 61.
Ke3 {[%clk 0:10:55]} Ke5 {[%clk 0:34:58]} 62. c4 h6 63. b5 {[%clk 0:09:57]} Kd6
{[%clk 0:35:14]} 64. Kd4 {[%clk 0:09:44]} h5 {[%clk 0:34:48]} 65. c5+ {[%clk
0:09:03]} Kc7 {[%clk 0:35:09]} 66. b6+ {[%clk 0:06:58]} Nxb6 {[%clk 0:34:03]}
67. cxb6+ {[%clk 0:07:02]} Kxb6 {[%clk 0:34:22]} 68. h4 {[%clk 0:06:44]} g5
{[%clk 0:33:34]} 1/2-1/2